Flags of Overseas Territories - Statistics

General Stats
  • This quiz has been taken 138 times
  • The average score is 131 of 144
Answer Stats
Question Tile Select % Correct
Greenland No
96%
Greenland No
96%
Greenland No
96%
Greenland No
96%
Greenland No
96%
Greenland No
96%
Greenland No
96%
Greenland No
96%
Greenland No
96%
Greenland Yes
95%
Greenland No
95%
Greenland No
95%
French Polynesia No
95%
French Polynesia No
95%
French Polynesia No
95%
French Polynesia No
95%
French Polynesia No
95%
Isle of Man No
94%
Isle of Man No
94%
Isle of Man No
94%
Isle of Man No
94%
Isle of Man No
94%
Isle of Man No
94%
Isle of Man No
94%
Isle of Man No
94%
Isle of Man No
94%
French Polynesia No
94%
French Polynesia No
94%
French Polynesia No
94%
Puerto Rico No
93%
Puerto Rico No
93%
Puerto Rico No
93%
Puerto Rico No
93%
Puerto Rico No
93%
Puerto Rico No
93%
Puerto Rico No
93%
Puerto Rico No
93%
Puerto Rico No
93%
Isle of Man No
93%
French Polynesia No
93%
French Guyana No
92%
French Guyana No
92%
French Guyana No
92%
French Guyana No
92%
French Guyana No
92%
French Guyana No
92%
French Guyana No
92%
French Guyana No
92%
Puerto Rico Yes
92%
Puerto Rico No
92%
Puerto Rico No
92%
Isle of Man No
92%
Isle of Man Yes
92%
Aruba No
92%
Aruba No
92%
Aruba No
92%
Aruba No
92%
Aruba No
92%
Aruba No
92%
Guernsey No
91%
Guernsey No
91%
Guernsey No
91%
Guernsey No
91%
Guernsey No
91%
Guernsey No
91%
Guernsey No
91%
French Guyana No
91%
Aruba No
91%
Aruba No
91%
Aruba No
91%
French Polynesia No
91%
Aland Islands No
91%
Aland Islands No
91%
Aland Islands No
91%
Aland Islands No
91%
Aland Islands No
91%
Aland Islands No
91%
American Samoa No
91%
American Samoa No
91%
American Samoa No
91%
American Samoa No
91%
American Samoa No
91%
American Samoa No
91%
American Samoa No
91%
American Samoa No
91%
Guernsey No
90%
Guernsey No
90%
French Guyana No
90%
Sint Maarten No
90%
Sint Maarten No
90%
Sint Maarten No
90%
Sint Maarten No
90%
Sint Maarten No
90%
New Caledonia No
90%
New Caledonia No
90%
New Caledonia No
90%
Aruba No
90%
Aruba No
90%
Aland Islands No
90%
Aland Islands No
90%
Aland Islands No
90%
American Samoa No
90%
Norfolk Island No
90%
Norfolk Island No
90%
Norfolk Island No
90%
Norfolk Island No
90%
Norfolk Island No
90%
Guernsey No
89%
Sint Maarten No
89%
Sint Maarten No
89%
New Caledonia No
89%
New Caledonia No
89%
New Caledonia No
89%
New Caledonia No
89%
New Caledonia No
89%
New Caledonia No
89%
Aland Islands No
89%
Aland Islands No
89%
American Samoa No
89%
Norfolk Island No
89%
Norfolk Island No
89%
Norfolk Island No
89%
French Guyana No
88%
Sint Maarten No
88%
Sint Maarten No
88%
Sint Maarten No
88%
American Samoa No
88%
Sint Maarten No
87%
New Caledonia No
87%
Aruba Yes
87%
Norfolk Island No
87%
Guernsey No
86%
French Guyana Yes
86%
French Polynesia No
86%
American Samoa Yes
86%
Norfolk Island No
86%
Norfolk Island No
86%
New Caledonia No
85%
Aland Islands Yes
85%
Guernsey Yes
84%
Sint Maarten Yes
82%
French Polynesia Yes
79%
Norfolk Island Yes
78%
New Caledonia Yes
77%
No matching quizzes found
Score Distribution
Percent of People with Each Score
Percentile by Number Answered
Your Score History
You have not taken this quiz